The preacher's outline & sermon Bible : (Record no. 9493)

MARC details
000 -LEADER
fixed length control field 01617cam a2200349Ma 4500
001 - CONTROL NUMBER
control field 41604708
003 - CONTROL NUMBER IDENTIFIER
control field OCoLC
005 - DATE AND TIME OF LATEST TRANSACTION
control field 20241126110713.0
008 - FIXED-LENGTH DATA ELEMENTS--GENERAL INFORMATION
fixed length control field 990624s1998 tnu 000 0 eng d
020 ## - INTERNATIONAL STANDARD BOOK NUMBER
International Standard Book Number 1574070789
020 ## - INTERNATIONAL STANDARD BOOK NUMBER
International Standard Book Number 9781574070781
035 ## - SYSTEM CONTROL NUMBER
System control number (OCoLC)41604708
040 ## - CATALOGING SOURCE
Original cataloging agency HNW
Language of cataloging eng
Transcribing agency HNW
Modifying agency OCLCQ
-- OCLCO
-- OCLCF
-- OCL
-- OCLCA
-- CIRBC
050 #4 -
-- BS2085 1996
-- .W34
082 04 - DEWEY DECIMAL CLASSIFICATION NUMBER
Classification number 252
Item number PRE
Edition information 21
092 0# - LOCALLY ASSIGNED DEWEY CALL NUMBER (OCLC)
Classification number 251.02
Item number P9226
245 04 - TITLE STATEMENT
Title The preacher's outline & sermon Bible :
Remainder of title New Testament, new international version.
246 3# -
-- Preacher's outline and sermon Bible
260 ## - PUBLICATION, DISTRIBUTION, ETC.
Place of publication, distribution, etc. Chattanooga, TN :
Name of publisher, distributor, etc. Leadership Ministries Worldwide,
Date of publication, distribution, etc. ℗♭1998.
300 ## - PHYSICAL DESCRIPTION
Extent 14 volumes ;
Dimensions 28 cm
336 ## - CONTENT TYPE
Content type term text
Content type code txt
Source rdacontent
337 ## - MEDIA TYPE
Media type term unmediated
Media type code n
Source rdamedia
338 ## - CARRIER TYPE
Carrier type term volume
Carrier type code nc
Source rdacarrier
505 0# - FORMATTED CONTENTS NOTE
Formatted contents note V.1. Matthew 1 -- v. 2. Matthew 2 -- v. 3. Mark -- v. 4. Luke -- v. 5. John -- v. 6. Acts -- v. 7. Romans -- v. 8. I & II Corinthians -- v. 9. Galatians, Ephesians, Phillipians, Colossians -- v. 10. I & II Thessalonians, I & II Timothy, Titus, Philemon -- v. 11. Hebrews, James -- v. 12. I & II Peter, I, II, & III John, Jude -- v. 13. Revelation -- v. 14. The master outline & subject index.
630 00 - SUBJECT ADDED ENTRY--UNIFORM TITLE
Uniform title Bible.
Name of part/section of a work New Testament
Form subdivision Sermons.
9 (RLIN) 16544
630 00 - SUBJECT ADDED ENTRY--UNIFORM TITLE
Uniform title Bible.
Name of part/section of a work New Testament
Form subdivision Outlines, syllabi, etc.
9 (RLIN) 16545
630 00 - SUBJECT ADDED ENTRY--UNIFORM TITLE
Uniform title Bible.
Name of part/section of a work New Testament
Form subdivision Commentaries.
9 (RLIN) 1369
655 #7 - INDEX TERM--GENRE/FORM
Genre/form data or focus term Commentaries.
Source of term fast
Authority record control number or standard number (OCoLC)fst01423723
9 (RLIN) 875
655 #7 - INDEX TERM--GENRE/FORM
Genre/form data or focus term Outlines and syllabi.
Source of term fast
Authority record control number or standard number (OCoLC)fst01423836
9 (RLIN) 8121
655 #7 - INDEX TERM--GENRE/FORM
Genre/form data or focus term Sermons.
Source of term fast
Authority record control number or standard number (OCoLC)fst01423904
9 (RLIN) 6402
942 ## - ADDED ENTRY ELEMENTS (KOHA)
Source of classification or shelving scheme Dewey Decimal Classification
Koha item type Reference Books
Holdings
Withdrawn status Lost status Source of classification or shelving scheme Damaged status Not for loan Home library Current Library Shelving location Date acquired Total checkouts Full call number Barcode Date last seen Copy number Price effective from Koha item type
    Dewey Decimal Classification     GRACE BIBLE COLLEGE GRACE BIBLE COLLEGE Commentary 2023-02-03   252 PRE 015968 2025-05-01 v.14 2023-02-03 Reference Books
© Grace Bible College Library 2025